00556 2200217 4500001002100000005001500021035002000036007000300056008004100059020001800100082001100118084001700129100001200146245005900158250001100217260003100228300003500259650002000294990001200314990001200326INLIS00000000000193720180502111431 a0010-0518000007ta180502 g 0 ind  a9786023751501 a153.93 a153.93 MAR d0 aMARYONO1 aDrilling Super Lengkap Semua Jenis Soal TPA /cMaryono acet. 3 aJakarta :bGrasindo,c2016 aviii, 200 hlm :bilus ;c26 cm aTES INTELEJENSI a16552 a a16552 b